KOHA-Header-6

Textbook of Marketing Management (Record no. 9459)

000 -LEADER
fixed length control field 00254nam a2200109Ia 4500
020 ## - INTERNATIONAL STANDARD BOOK NUMBER
ISBN 9788174732613
100 ## - MAIN ENTRY--AUTHOR NAME
Personal name N.C.Jain Saakshi
245 #0 - TITLE STATEMENT
Title Textbook of Marketing Management
260 ## - PUBLICATION, DISTRIBUTION, ETC. (IMPRINT)
Place of publication New Jersey
Name of publisher Thomson South
Year of publication 1989
300 ## - PHYSICAL DESCRIPTION
Number of Pages 231
942 ## - ADDED ENTRY ELEMENTS (KOHA)
Koha item type Books
Holdings
Withdrawn status Lost status Collection code Permanent Location Current Location Shelving location Date acquired Full call number Accession Number Koha item type
    Marketing MAJU MAJU   2019-09-14 658.15 5218 Marketing

Powered by Koha